"Dance" Songs - Statistics

General Stats
  • This quiz has been taken 84 times
  • The average score is 8 of 16
Answer Stats
Artist Song % Correct
ABBA Dancing {Queen}
97%
Elton John {Tiny} Dancer
80%
Bruce Springsteen Dancing {In} {The} {Dark}
73%
Lady Gaga {Just} Dance
63%
Tones And I Dance {Monkey}
60%
Lionel Richie Dancing {On} {The} {Ceiling}
60%
Tina Turner {Private} Dancer
57%
Men Without Hats {The} {Safety} Dance
54%
Genesis {I} {Can't} Dance
44%
King Harvest/Toploader Dancing {In} {The} {Moonlight}
40%
Snap! {Rhythm} {Is} {A} Dancer
36%
Leo Sayer {You} {Make} {Me} {Feel} {Like} Dancing
31%
Robyn Dancing {On} {My} {Own}
24%
Ultravox Dancing {With} {Tears} {In} {My} {Eyes}
24%
Drifters {Save} {The} {Last} Dance {For} {Me}
17%
Pet Shop Boys {Domino} Dancing
13%
No matching quizzes found
Score Distribution
Percent of People with Each Score
Percentile by Number Answered
Your Score History
You have not taken this quiz